Name That Rap Album Cover Pt. 1 - Statistics

General Stats
  • This quiz has been taken 207 times
  • The average score is 9 of 16
Answer Stats
Picture Answer % Correct
Yeezus
88%
To Pimp a Butterfly
86%
Rodeo
85%
Her Loss
84%
Watch The Throne
70%
Invasion of Privacy
65%
Kamikaze
62%
Eternal Atake
57%
Please Excuse Me For Being Antisocial
57%
DS2
56%
Baby on Baby
43%
Born Sinner
36%
Jeffery
36%
Come Home The Kids Miss You
32%
SremmLife
19%
Everybody
9%
No matching quizzes found
Score Distribution
Percent of People with Each Score
Percentile by Number Answered
Your Score History
You have not taken this quiz